Učebnice české morfologie s cvičebnicí pro studující bohemistiky a příbuzných oborů /

Hlavní autor: Sojka, Pavel, 1977-
Korporativní autor: Univerzita Karlova
Jazyk: Čeština
Vydáno: Praha : Univerzita Karlova, nakladatelství Karolinum, 2022
Vydání: Vydání první
Témata:
Fyzický popis: 168 stran ; 23 cm
Knihy
Uloženo v:
LEADER 01930nam a2200517 i 4500
001 nkc20223430635
003 CZ PrNK
005 20250512094646.0
007 ta
008 220729s2022 xr e p 000 0 cze
015 |a cnb003430635 
020 |a 978-80-246-5263-4  |q (brožováno) 
035 |a (OCoLC)1344359566 
040 |a ABA001  |b cze  |e rda 
072 7 |a 811.162.3  |x Čeština  |2 Konspekt  |9 11 
072 7 |a 37.016  |x Učební osnovy. Vyučovací předměty. Učebnice  |2 Konspekt  |9 22 
080 |a 811.162.3  |2 MRF 
080 |a 81'366  |2 MRF 
080 |a (075.8)  |2 MRF 
080 |a (076.5)  |2 MRF 
100 1 |a Sojka, Pavel,  |d 1977-  |7 xx0129365  |4 aut 
245 1 0 |a Učebnice české morfologie s cvičebnicí pro studující bohemistiky a příbuzných oborů /  |c Pavel Sojka 
250 |a Vydání první 
264 1 |a Praha :  |b Univerzita Karlova, nakladatelství Karolinum,  |c 2022 
300 |a 168 stran ;  |c 23 cm 
336 |a text  |b txt  |2 rdacontent 
337 |a bez média  |b n  |2 rdamedia 
338 |a svazek  |b nc  |2 rdacarrier 
500 |a V roce 2025 první dotisk 
504 |a Obsahuje bibliografii a bibliografické odkazy 
650 0 7 |a čeština  |7 ph135292  |2 czenas 
650 0 7 |a morfologie (lingvistika)  |7 ph139266  |2 czenas 
650 0 9 |a Czech language  |2 eczenas 
650 0 9 |a morphology (linguistics)  |2 eczenas 
655 7 |a učebnice vysokých škol  |7 fd133772  |2 czenas 
655 7 |a praktická cvičení  |7 fd133118  |2 czenas 
655 9 |a textbooks (higher)  |2 eczenas 
655 9 |a problems, exercises, etc.  |2 eczenas 
710 2 |a Univerzita Karlova  |7 kn20010710036  |4 isb 
910 2 |a BOA001  |b 2-1488.877 
928 9 |a Karolinum 
990 |a BK 
995 |a 01 
991 |b 202208  |c NOV 
996 6 |b 2610911187  |c 2-1488.877  |l MZK  |r Sklad / do 1 hodiny  |n 0  |p p.v.  |w 001895337  |u 000010  |a 1  |e BOA001  |j MZK50  |s P 
996 7 |b 2610912934  |c 2-1488.877  |l MZK  |r Sklad / do 1 hodiny  |n 3  |p kup  |w 001895337  |u 000020  |a 1  |e BOA001  |j MZK50  |s A